Trh s mliekom a mliečnymi výrobkami v roku 2002

Pohľad na trh s mliekom a mliečnymi výrobkami v roku 2002. Vývoj nákupných cien surového kravského mlieka. Výššie odbytové ceny. Spotrebiteľské ceny. Zahraničný obchod s mliekom a mliečnymi výrobkami v roku 2002.

Salvato in:
Dettagli Bibliografici
Natura: Capitolo di libro
Lingua:slovacco
Soggetti:
Tags: Aggiungi Tag
Nessun Tag, puoi essere il primo ad aggiungerne!!

MARC

LEADER 00000naa a2200000 4500
001 r048653
005 20231002114914.4
041 0 |a slo 
044 |a SK 
245 1 0 |a Trh s mliekom a mliečnymi výrobkami v roku 2002 
520 |a Pohľad na trh s mliekom a mliečnymi výrobkami v roku 2002. Vývoj nákupných cien surového kravského mlieka. Výššie odbytové ceny. Spotrebiteľské ceny. Zahraničný obchod s mliekom a mliečnymi výrobkami v roku 2002. 
610 2 0 |a mlieko 
610 2 0 |a obchod zahraničný 
610 2 0 |a ceny nákupné 
610 2 0 |a ceny spotrebiteľské 
610 2 0 |a Slovensko